[Event "OHRA-B"]
[Site "Brussels"]
[Date "1986.??.??"]
[Round "?"]
[White "Winants, Luc"]
[Black "Karolyi, Tibor Jr"]
[Result "1/2-1/2"]
[WhiteElo "2350"]
[BlackElo "2410"]

1.d4 d5 2.c4 dxc4 3.e4 c5 4.Nf3 Nf6 5.Nc3 cxd4 6.Qxd4 Qxd4 7.Nxd4 e5 8.Ndb5 Kd8
9.Be3 Be6 10.Nxa7 Nbd7 11.f3 Bb4 12.Nb5 Ra5 13.Kf2 Ke7 14.Be2 Rc8 15.Rad1 Ne8
16.Rd2 Bc5 17.Rhd1 Bxe3+ 18.Kxe3 Nb6 19.g3 Rc5 20.Na3 Na4 21.Nab1 b5 22.a3 Nb6
23.Na2 Nc7 24.Nbc3 Na4 25.Nxa4 Rxa4 26.Nc3 Ra8 27.f4 g6 28.Bf3 Rb8 29.Na2 f6
30.Rd6 Ne8 31.R6d2 Rb6 32.Nb4 Rd6 33.Rxd6 Nxd6 34.fxe5 fxe5 35.Rc1  1/2-1/2

[Event "ITA-ch46"]
[Site "Cesenatico"]
[Date "1986.??.??"]
[Round "11"]
[White "Martorelli, Antonio"]
[Black "Bellini, Fabio"]
[Result "1-0"]
[WhiteElo "2305"]
[BlackElo "2380"]

1.d4 d5 2.c4 dxc4 3.e4 Nc6 4.d5 Ne5 5.Bf4 Ng6 6.Bg3 e6 7.Nc3 Nf6 8.Bxc4 exd5
9.exd5 Bd6 10.Nge2 O-O 11.O-O a6 12.Nd4 Bxg3 13.hxg3 b5 14.Bb3 Bb7 15.Nc6 Qd6
16.Re1 Bxc6 17.dxc6 Qxc6 18.Nd5 Qd6 19.Rc1 Rad8 20.Nxc7 Qb6 21.Qc2 Rd6 22.Qc5 Qxc5
23.Rxc5 Rfd8 24.a4 b4 25.a5 Rd2 26.Rc4 Rc8 27.Rb1 Ne5 28.Rxb4 Nc6 29.Rb6 Rxc7
30.Rc1 Rd6 31.Ba4 Nd5 32.Rbxc6 Rdxc6 33.Rxc6 Rxc6 34.Bxc6 Nb4 35.Bb7 Kf8
36.Kf1 Ke7 37.Ke2 Kd6 38.Be4 g6 39.g4 Kc5 40.Bd3 Nxd3 41.Kxd3 Kb5 42.g5 Kxa5
43.Kc4 Kb6 44.b4 Kc6 45.g4 Kb6 46.f4 Kc6 47.f5 Kb6 48.Kd5 Kb5 49.f6 Kxb4
50.Kd6 a5 51.Ke7 a4 52.Kxf7 a3 53.Kg8 a2 54.f7 a1=Q 55.f8=Q+ Kb5 56.Kxh7 Qe5
57.Kxg6 Ka4 58.Qf7 Qd6+ 59.Kh7 Qh2+ 60.Kg8 Qb8+ 61.Qf8 Qb3+ 62.Kg7 Qc3+ 63.Qf6 Qc7+
64.Kg6 Qc2+ 65.Kf7 Qc7+ 66.Kg6 Qc2+ 67.Qf5 Qc6+ 68.Kf7 Qc4+ 69.Qe6 Qf4+ 70.Kg6 Qd4
71.Kh7 Qa7+ 72.Kh6 Qd4 73.g6 Qh8+ 74.Kg5 Qd8+ 75.Kf5 Qf8+ 76.Qf6 Qc8+ 77.Kg5 Qc5+
78.Qf5 Qe7+ 79.Kf4 Qd6+ 80.Qe5 Qd2+ 81.Kf5 Qd7+ 82.Kg5 Qd8+ 83.Kh5  1-0

[Event "Agria op"]
[Site "Eger"]
[Date "1986.??.??"]
[Round "?"]
[White "Mohr, Stefan"]
[Black "Meszaros, Andras"]
[Result "0-1"]
[WhiteElo "2350"]
[BlackElo "2340"]

1.d4 d5 2.c4 dxc4 3.e4 Nc6 4.Be3 e5 5.d5 Nb8 6.Bxc4 Nf6 7.Nc3 Bd6 8.Nf3 O-O
9.O-O a6 10.a4 Kh8 11.h3 Nbd7 12.Qe2 Nh5 13.g3 Ndf6 14.Kg2 g6 15.Qd2 Ne8
16.Be2 Neg7 17.g4 f5 18.gxh5 f4 19.h6 Nh5 20.Bd4 Qf6 21.Nxe5 Bxe5 22.Bxe5 Qxe5
23.Bxh5 Bxh3+ 24.Kh1 Bg2+ 25.Kxg2 Qg5+ 26.Kh2 Qxh5+ 27.Kg2 Qg4+ 28.Kh2 Qh4+
29.Kg1 Qg5+ 30.Kh2 Qxh6+ 31.Kg1 Qg5+ 32.Kh2 Qh4+ 33.Kg1 f3 34.Qd4+ Kg8 35.Qe5 Rf4  0-1

[Event "Wch U20"]
[Site "Gausdal"]
[Date "1986.??.??"]
[Round "8"]
[White "Agdestein, Simen"]
[Black "Nikolic, Nebojsa"]
[Result "1/2-1/2"]
[WhiteElo "2545"]
[BlackElo "2320"]

1.d4 d5 2.c4 dxc4 3.e4 c5 4.d5 e6 5.Bxc4 Nf6 6.dxe6 Qxd1+ 7.Kxd1 Bxe6 8.Bxe6 fxe6
9.f3 Bd6 10.Be3 Nc6 11.Nd2 Nd7 12.Ke2 a6 13.Rd1 b5 14.f4 e5 15.Ndf3 Be7 16.Nh3 Nd4+
17.Bxd4 exd4 18.b4 d3+ 19.Rxd3 cxb4 20.Rd4 Rc8 21.e5 Nc5 22.Rc1 O-O 23.Rxb4 Na4
24.Rxc8 Rxc8 25.Rd4 Nc3+ 26.Kd3 Nxa2 27.Rd7 Rd8 28.Rxd8+ Bxd8 29.f5 a5 30.Nd4 Nb4+
31.Ke4 a4 32.Nxb5 Nc2 33.Kd3 Ne1+ 34.Kc4 Nxg2 35.Kb4 Ne3 36.Nd6 Be7 37.Kxa4 Bxd6
38.exd6 Nc4  1/2-1/2

[Event "URS-FL"]
[Site "Kujbyshev"]
[Date "1986.??.??"]
[Round "?"]
[White "Tukmakov, Vladimir B"]
[Black "Yakovich, Yuri"]
[Result "1/2-1/2"]
[WhiteElo "2575"]
[BlackElo "2440"]

1.d4 d5 2.c4 dxc4 3.e4 Nf6 4.e5 Nd5 5.Bxc4 Nb6 6.Bb3 Nc6 7.Ne2 Bg4 8.Nbc3 e6
9.O-O Be7 10.a3 Qd7 11.Be3 O-O 12.Ba2 Bh5 13.Rc1 Rfd8 14.f3 Bg6 15.Qe1 Bf8
16.Rd1 Ne7 17.Bg5 Re8 18.Bxe7 Bxe7 19.Nf4 c6 20.Ne4  1/2-1/2

[Event "Novosibirsk tt"]
[Site "Novosibirsk"]
[Date "1986.??.??"]
[Round "?"]
[White "Timoshchenko, Gennadi A"]
[Black "Chekhov, Valery A"]
[Result "1/2-1/2"]
[WhiteElo "2475"]
[BlackElo "2495"]

1.d4 d5 2.c4 dxc4 3.e4 e5 4.Nf3 exd4 5.Bxc4 Bb4+ 6.Nbd2 Nc6 7.O-O Qf6 8.e5 Qg6
9.Nh4 Qg4 10.Ndf3 Be6 11.h3 Qe4 12.Bd3 Qd5 13.Ng5 Nge7 14.f4 h6 15.Nxe6 fxe6
16.Ng6 Nxg6 17.Bxg6+ Kd7 18.Qd3 Rad8 19.Be4 Qa5 20.a3 Be7 21.b4 Qb6 22.Bb2 Kc8
23.Rac1 a5 24.b5 Na7 25.a4 Kb8 26.Rc4 Rd7 27.Rd1 Rhd8 28.Kh2 Bc5 29.Rdc1 Bb4
30.Rd1 c5 31.bxc6 Nxc6 32.Rdc1 Ne7 33.Rd1 Nc6 34.Rdc1 Ne7  1/2-1/2

[Event "Sochi"]
[Site "Sochi"]
[Date "1986.??.??"]
[Round "3"]
[White "Razuvaev, Yuri S"]
[Black "Yakovich, Yuri"]
[Result "0-1"]
[WhiteElo "2535"]
[BlackElo "2440"]

1.d4 d5 2.c4 dxc4 3.e4 Nf6 4.e5 Nd5 5.Bxc4 Nb6 6.Bd3 Nc6 7.Ne2 Bg4 8.f3 Be6
9.Nbc3 Qd7 10.Ne4 Bd5 11.Nc5 Qc8 12.a3 e6 13.Qc2 Bxc5 14.Qxc5 Qd7 15.b4 a6
16.Bg5 Nc4 17.b5 axb5 18.Qxb5 N6xe5 19.Qxd7+ Nxd7 20.Nc3 Ndb6 21.Kf2 Nd6
22.Rhb1 Kd7 23.Ne4 Nxe4+ 24.fxe4 Bc6 25.Bd2 Rhd8 26.Bb4 Ke8 27.d5 exd5 28.exd5 Bxd5
29.Re1+ Be6 30.Bxh7 Nd5 31.Bc5 Ra4 32.Bd3 Ra5 33.Be3 Nxe3 34.Rxe3 Rd4 35.Rc1 Kd7
36.Rc3 Kd6 37.Be4 c6 38.Re2 Bc4 39.Ree3 Re5 40.Bf3 Rd2+ 41.Kg3 Rxe3 42.Rxe3 Rd3
43.Re4 b5 44.a4 f5 45.Rh4 g5 46.Rh6+ Be6 47.axb5 g4 48.bxc6 gxf3 49.gxf3 Ke5
50.c7 Rc3 51.Rh8 Rxc7 52.f4+ Ke4  0-1

[Event "Somerset op"]
[Site "Somerset"]
[Date "1986.??.??"]
[Round "9"]
[White "Alburt, Lev O"]
[Black "Gulko, Boris F"]
[Result "1-0"]
[WhiteElo "2515"]
[BlackElo "2505"]

1.d4 d5 2.c4 dxc4 3.e4 Nf6 4.e5 Nd5 5.Bxc4 Nb6 6.Bb3 Nc6 7.Nf3 Bg4 8.Bxf7+ Kxf7
9.Ng5+ Ke8 10.Qxg4 Qxd4 11.Qe2 Qxe5 12.Be3 Nd5 13.Nf3 Qf5 14.O-O e6 15.Nc3 Rd8
16.Rfe1 Be7 17.Bd2 Nxc3 18.Bxc3 Kf7 19.Qc4 Bf6 20.Re3 Bxc3 21.Ng5+ Kg6 22.Qxc3 Rhf8
23.Rf3 Qd5 24.Rg3 Qd1+ 25.Qe1 Qxe1+ 26.Rxe1 Rfe8 27.Nxe6+ Kf6 28.Rf3+ Kg6
29.Rfe3 Rc8 30.h4 Re7 31.h5+ Kxh5 32.Rg3 Rf8 33.Re4  1-0

[Event "Altensteig"]
[Site "Altensteig"]
[Date "1987.??.??"]
[Round "?"]
[White "Renet, Olivier"]
[Black "Schulz, Klaus Juergen"]
[Result "1-0"]
[WhiteElo "2455"]
[BlackElo "2440"]

1.d4 d5 2.c4 dxc4 3.e4 e5 4.Nf3 exd4 5.Bxc4 Bb4+ 6.Nbd2 Nc6 7.O-O Be6 8.Bxe6 fxe6
9.Nb3 d3 10.Be3 Nf6 11.Nbd4 Nxd4 12.Nxd4 Qe7 13.Qxd3 O-O-O 14.Rfd1 Ng4 15.Nc6 Rxd3
16.Nxe7+ Bxe7 17.Rxd3 Nxe3 18.Rxe3 Bc5 19.Re2 e5 20.g3 Bd4 21.Kg2 c5 22.Rf1 Kd7
23.f4 Rc8 24.f5 Rc6 25.g4 c4 26.g5 Ke7 27.Kf3 b5 28.Rc2 Ra6 29.Ra1 Kd6 30.Kg4 Kc5
31.a3 Rb6 32.Rac1 a5 33.a4 Be3 34.Rd1 bxa4 35.Rd7 Kb4 36.Rxg7 c3 37.Rxc3 Bd4
38.f6 Bxc3 39.bxc3+ Kxc3 40.f7 Rb8 41.Rg8 a3 42.Rxb8  1-0

[Event "Steglitz-ch"]
[Site "Berlin-West"]
[Date "1987.??.??"]
[Round "?"]
[White "Paulsen, Dirk"]
[Black "Seppelt, Alfred"]
[Result "1/2-1/2"]
[WhiteElo "2345"]
[BlackElo "2210"]

1.d4 d5 2.c4 dxc4 3.e4 b5 4.a4 Bb7 5.axb5 Bxe4 6.Nc3 Bb7 7.Nf3 Nd7 8.Bxc4 e6
9.O-O Nb6 10.Bb3 Ne7 11.Re1 Ned5 12.Ne4 Bb4 13.Bd2 Bxd2 14.Qxd2 O-O 15.Nc5 Bc8
16.Ne5 Qd6 17.Qd3 Nd7 18.Nxf7 Nxc5 19.dxc5 Qxc5 20.Rac1 Nf4 21.Qe4 Qxb5 22.Rxc7 Qa5
23.Qe5 Qxe5 24.Nxe5  1/2-1/2

[Event "Biel"]
[Site "Biel"]
[Date "1987.??.??"]
[Round "?"]
[White "Romanishin, Oleg M"]
[Black "Gulko, Boris F"]
[Result "1/2-1/2"]
[WhiteElo "2555"]
[BlackElo "2565"]

1.d4 d5 2.c4 dxc4 3.e4 Nf6 4.e5 Nd5 5.Bxc4 Nb6 6.Bb3 Nc6 7.Ne2 Bf5 8.Nbc3 e6
9.O-O Be7 10.Be3 Na5 11.Bc2 Bxc2 12.Qxc2 O-O 13.Rad1 Qd7 14.Ng3 Nc6 15.Qe4 f5
16.exf6 Bxf6 17.Qg4 Nd5 18.Nge4 Be7 19.Rfe1 Rae8 20.Bg5 b6 21.Nxd5 Qxd5 22.Nc3 Qf5
23.Qxf5 exf5 24.Bxe7 Rxe7 25.d5 Rfe8 26.Kf1 Rxe1+ 27.Rxe1 Rxe1+ 28.Kxe1 Ne7
29.Kd2 a6 30.Kd3 Kf7 31.Kd4 Kf6 32.f4 h6 33.b4 g5 34.g3 gxf4 35.gxf4 Ng6
36.b5 axb5 37.Nxb5 Nxf4 38.Nxc7 Ne2+ 39.Ke3 Nc3 40.d6 Nxa2 41.Nd5+ Ke6 42.Nxb6 Kxd6
43.Kf4 Ke6 44.Na4 Kf6 45.Nc5  1/2-1/2

[Event "Biel"]
[Site "Biel"]
[Date "1987.??.??"]
[Round "?"]
[White "Gulko, Boris F"]
[Black "Chandler, Murray G"]
[Result "1/2-1/2"]
[WhiteElo "2565"]
[BlackElo "2575"]

1.d4 d5 2.c4 dxc4 3.e4 Nf6 4.e5 Nd5 5.Bxc4 Nc6 6.Nc3 Nb6 7.Bb5 Bd7 8.Nf3 e6
9.O-O Ne7 10.a4 Bxb5 11.axb5 Ng6 12.Qc2 Be7 13.Qe4 Nd5 14.Nxd5 exd5 15.Qd3 O-O
16.Bd2 Qd7 17.Ra5 f6 18.Be3 Qe6 19.Qc3 fxe5 20.Nxe5 Nh4 21.Raa1 Bd6 22.Bg5 Ng6
23.Nxg6 Qxg6 24.Bh4 Rf4 25.Bg3 Rg4 26.Kh1 Rf8 27.Bxd6 Qxd6 28.Rxa7  1/2-1/2

[Event "Brest/Paris m"]
[Site "Brest"]
[Date "1987.??.??"]
[Round "3"]
[White "Renet, Olivier"]
[Black "Polgar, Zsuzsa"]
[Result "1/2-1/2"]
[WhiteElo "2455"]
[BlackElo "2495"]

1.d4 d5 2.c4 dxc4 3.e4 c5 4.d5 e6 5.Nc3 Nf6 6.Bxc4 exd5 7.Nxd5 Nxd5 8.Bxd5 Be7
9.Qh5 O-O 10.Nf3 Nd7 11.Ng5 Bxg5 12.Bxg5 Nf6 13.Bxf6 Qxf6 14.O-O Qxb2 15.Rab1 Qf6
16.Rfc1 Rb8 17.Rxc5 Be6 18.Rc7 g6 19.Qf3 Qe5 20.Qg3 Qxg3 21.hxg3 Bxd5 22.exd5 Rfd8
23.Rbxb7 Rxb7 24.Rxb7 Rxd5 25.Rxa7 Rd1+ 26.Kh2 h5 27.f3 Kg7 28.Rb7 Kf6 29.Rb3 Ra1
30.Rb2 Kg5 31.g4 hxg4 32.Kg3 gxf3 33.Kxf3  1/2-1/2

[Event "Cannes"]
[Site "Cannes"]
[Date "1987.??.??"]
[Round "?"]
[White "Renet, Olivier"]
[Black "Polgar, Zsuzsa"]
[Result "1/2-1/2"]
[WhiteElo "2455"]
[BlackElo "2495"]

1.d4 d5 2.c4 dxc4 3.e4 c5 4.d5 Nf6 5.Nc3 e6 6.Nf3 Nxe4 7.Nxe4 exd5 8.Ne5 Be6
9.Ng5 g6 10.Nxe6 fxe6 11.Qa4+ Nc6 12.Nxc6 bxc6 13.Qxc6+ Kf7 14.h4 Rc8 15.Qa6 Bg7
16.Rh3 Qb6 17.Rf3+ Ke7 18.Bg5+ Kd6 19.Qxb6+ axb6 20.Bf6 Bxf6 21.Rxf6 Rhf8
22.Rxf8 Rxf8 23.a4 e5 24.Be2 Rf4 25.g3 Rf8 26.Ra3 Ra8 27.Kd2 Ra7 28.Ke3 e4
29.f3 exf3 30.Bxf3 d4+ 31.Kd2 Rf7 32.Be2 d3 33.Bd1 Rf1 34.Ra1 Ke5 35.Kc3 Ke4
36.Kxc4 Ke3 37.Kc3 Rg1 38.Rb1 Rxg3 39.Bb3 d2 40.Bc4 Rg4 41.Rd1 Rxh4 42.Bg8 Rd4
43.Bb3 Ke2 44.Bc2 Rd6 45.b3 g5 46.Rg1 d1=Q 47.Bxd1+ Rxd1 48.Rxg5 Rd3+ 49.Kc4 Rd4+
50.Kc3 Rd6 51.a5 bxa5 52.Rxc5 Ra6 53.Rh5 Ra7 54.Rf5 Ke3 55.Kc4 Ke4 56.Rf8 Rg7
57.Rh8 Kf4 58.Kd3 Re7 59.Kd4 Rf7 60.Kd3 Re7 61.Kd4 Rf7 62.Kd3 Rb7 63.Ke2 Ke4
64.Rc8 Rb5 65.Rc4+ Kf5 66.Ra4 h5 67.Kf2 Ke6 68.Ke2 Kd6 69.Kd2 Kc6 70.Rh4 Kd6
71.Ra4 Rd5+ 72.Ke2 Re5+ 73.Kf2 Rb5 74.Ke2 Kc7 75.Kd2 Kb6 76.Rh4 Re5 77.Ra4 Kb5
78.Rh4 Kc6 79.Ra4 Kd6 80.b4 axb4 81.Rxb4 Ke6 82.Rf4  1/2-1/2

[Event "Debrecen"]
[Site "Debrecen"]
[Date "1987.??.??"]
[Round "2"]
[White "Horvath, Csaba"]
[Black "Karolyi, Tibor Jr"]
[Result "1/2-1/2"]
[WhiteElo "2425"]
[BlackElo "2420"]

1.d4 d5 2.c4 dxc4 3.e4 c5 4.d5 e6 5.Nc3 exd5 6.exd5 Nf6 7.Bxc4 a6 8.Bf4 Bd6
9.Qe2+ Kf8 10.Bxd6+ Qxd6 11.a4 g6 12.Nf3 Bg4 13.Qe5 Qd8 14.Ng5 Nbd7 15.Qd6+ Kg7
16.O-O  1/2-1/2

[Event "DSV-Turnier"]
[Site "Halle"]
[Date "1987.??.??"]
[Round "?"]
[White "Gauglitz, Gernot"]
[Black "Tomaszewski, Roman"]
[Result "1/2-1/2"]
[WhiteElo "2465"]
[BlackElo "2435"]

1.d4 d5 2.c4 dxc4 3.e4 Nc6 4.d5 Ne5 5.Bf4 Ng6 6.Bg3 h5 7.h3 h4 8.Bh2 e6 9.Nc3 Nf6
10.Bxc4 exd5 11.exd5 Bd6 12.Qe2+ Kf8 13.Nf3 Bxh2 14.Nxh2 Qd6 15.O-O Bd7 16.Qd2 Nf4
17.Nf3 Rh5 18.Rfd1 Re8 19.Rac1 a6 20.a3 c6 21.dxc6 Qxd2 22.Rxd2 Bxc6 23.Kh2 Bxf3
24.gxf3 Rf5  1/2-1/2

[Event "DSV-Turnier"]
[Site "Halle"]
[Date "1987.??.??"]
[Round "?"]
[White "Boensch, Uwe"]
[Black "Chekhov, Valery A"]
[Result "1-0"]
[WhiteElo "2530"]
[BlackElo "2505"]

1.d4 d5 2.c4 dxc4 3.e4 e5 4.Nf3 exd4 5.Bxc4 Bb4+ 6.Nbd2 Nc6 7.O-O Qf6 8.e5 Qg6
9.Nh4 Qg4 10.Ndf3 Be6 11.h3 Qe4 12.Bd3 Qd5 13.Ng5 Qxe5 14.Nhf3 Qd5 15.Be4 Qd7
16.Bxc6 bxc6 17.Nxe6 fxe6 18.Nxd4 O-O-O 19.Qa4 Qxd4 20.Be3 Qxb2 21.Rab1 Qa3
22.Qxc6 Ne7 23.Qxe6+ Rd7 24.Rb3 Qxa2 25.Qe4 c5 26.Rxb4 cxb4 27.Qa8+ Kc7 28.Rc1+ Kd6
29.Qe4 Nd5 30.Bf4+  1-0

[Event "POL-chT"]
[Site "Jachranka"]
[Date "1987.??.??"]
[Round "3"]
[White "Fornal, Agnieszka"]
[Black "Rzeczycka, B."]
[Result "1-0"]
[WhiteElo "2115"]
[BlackElo "2180"]

1.d4 d5 2.c4 dxc4 3.e4 Nf6 4.Nc3 e5 5.d5 c6 6.Bg5 Bb4 7.Bxf6 Qxf6 8.Bxc4 O-O
9.Ne2 Qg6 10.Ng3 cxd5 11.Bxd5 Nc6 12.O-O Nd4 13.a3 Bc5 14.b4 Bd6 15.Qd3 Rb8
16.Nb5 Nxb5 17.Qxb5 h5 18.Qd3 h4 19.Nf5 Bxf5 20.exf5 Qf6 21.Rfd1 Rfd8 22.Qe4 b6
23.Rac1 a5 24.Rc6 axb4 25.axb4 Qe7 26.b5 Rd7 27.Bxf7+ Qxf7 28.Rcxd6 Rxd6
29.Rxd6 Rc8 30.h3 Rc1+ 31.Kh2 Rc8 32.Qxe5 Rc5 33.Rd8+ Kh7 34.Qd4 Qc7+ 35.Qd6 Qxd6+
36.Rxd6 Rxb5 37.g4 hxg3+ 38.fxg3 Rb2+ 39.Kg1 Rb1+ 40.Kf2 Rb2+ 41.Kf3 Rb3+
42.Kf4 b5 43.Rb6 Rb4+ 44.Kg5 Rb3 45.Kh4 Kg8 46.Rb7 b4 47.g4 Rb1 48.Kg5 Kf8
49.Kg6  1-0

[Event "Jakarta zt"]
[Site "Jakarta"]
[Date "1987.??.??"]
[Round "?"]
[White "Xu Jun"]
[Black "Ardiansyah, Haji"]
[Result "1-0"]
[WhiteElo "2495"]
[BlackElo "2425"]

1.d4 d5 2.c4 dxc4 3.e4 e5 4.Nf3 exd4 5.Bxc4 Bb4+ 6.Nbd2 Nc6 7.O-O Bxd2 8.Bxd2 Nge7
9.Ng5 Ne5 10.Bb3 h6 11.f4 hxg5 12.fxe5 O-O 13.Bxg5 Be6 14.Bxe6 fxe6 15.Rxf8+ Qxf8
16.Qg4 Qf7 17.Rf1 Qg6 18.h4 Nc6 19.h5 Nxe5 20.Qf4 Qxh5 21.Qxe5 Re8 22.Qxc7 d3
23.Bd2  1-0

[Event "URS-FL"]
[Site "Kursk"]
[Date "1987.??.??"]
[Round "?"]
[White "Gleizerov, Evgeny"]
[Black "Melnikov, A."]
[Result "0-1"]
[WhiteElo "2405"]
[BlackElo "2335"]

1.d4 d5 2.c4 dxc4 3.e4 c5 4.d5 e6 5.Nc3 exd5 6.Nxd5 Ne7 7.Bg5 h6 8.Bf6 Nd7
9.Qa4 b5 10.Qxb5 Rb8 11.Qa4 Bb7 12.Bc3 Bxd5 13.exd5 Nxd5 14.Rd1 Nxc3 15.bxc3 Bd6
16.Bxc4 O-O 17.Nf3 Nb6 18.Qa6 Nxc4 19.Qxc4 Re8+ 20.Kf1 Qf6 21.h4 Rb2 22.Rh3 Qe6
23.Qxe6 Rxe6 24.a3 Bf4 25.g3 Bc7 26.Nd2 Rd6 27.Ke2 h5  0-1

[Event "Leningrad"]
[Site "Leningrad"]
[Date "1987.??.??"]
[Round "?"]
[White "Jussupow, Artur"]
[Black "Chandler, Murray G"]
[Result "1/2-1/2"]
[WhiteElo "2645"]
[BlackElo "2595"]

1.d4 d5 2.c4 dxc4 3.e4 Nf6 4.e5 Nd5 5.Bxc4 Nc6 6.Nf3 Bg4 7.Nc3 e6 8.O-O Bb4
9.Nxd5 exd5 10.Bb5 O-O 11.Bxc6 bxc6 12.Qd3 Qd7 13.Bg5 h6 14.a3 Ba5 15.Bh4 Rfb8
16.b4 Bb6 17.Nd2 Qf5 18.Qe3 Qh5 19.Bg3 a5 20.f3 Bf5 21.Nb3 axb4 22.axb4 Qg6
23.Qc3 Bd3 24.Rfc1 Bc4 25.Nd2 Bb5 26.Bf2 Qe6 27.h3 Qg6 28.Re1 Ba4 29.Ra3 Ra7
30.Rea1 Rba8 31.Qb2 Bb5 32.Rxa7 Rxa7 33.Rxa7 Bxa7 34.Qb1 Qg5 35.Qc2 Bb6 36.h4 Qe7
37.Qc3 Qe6 38.Nb3  1/2-1/2

[Event "NLD-ch"]
[Site "?"]
[Date "1987.??.??"]
[Round "?"]
[White "Pieterse, Gert"]
[Black "Boersma, Paulus A"]
[Result "0-1"]
[WhiteElo "2290"]
[BlackElo "2415"]

1.d4 d5 2.c4 dxc4 3.e4 Nf6 4.e5 Nd5 5.Bxc4 Nb6 6.Bb3 Bf5 7.Nc3 Nc6 8.Be3 e6
9.Nge2 Qd7 10.O-O Rd8 11.Rc1 Be7 12.Na4 O-O 13.Nc5 Bxc5 14.Rxc5 Qe7 15.Qc1 h6
16.Rd1 Rd7 17.Rc3 Rfd8 18.a3 a5 19.Re1 a4 20.Ba2 Qh4 21.f3 Ra8 22.Bf2 Qd8
23.h4 Nd5 24.Bxd5 Rxd5 25.h5 Rb5 26.Rd1 Qd5 27.g4 Bh7 28.g5 hxg5 29.Qxg5 Qd8
30.Qf4 Rxb2 31.Bh4 Qf8 32.Ng3 Ne7 33.Qc1 Rb1 34.Qd2 Rxd1+ 35.Qxd1 Nd5 36.Rc1 Qxa3
37.Bg5 Qb3 38.Qf1 a3 39.h6 Qd3  0-1

[Event "Philadelphia op"]
[Site "Philadelphia"]
[Date "1987.??.??"]
[Round "?"]
[White "Dunne, Alex"]
[Black "Zaltsman, Vitaly F"]
[Result "0-1"]
[WhiteElo "2245"]
[BlackElo "2430"]

1.d4 d5 2.c4 dxc4 3.e4 e5 4.Nf3 Bb4+ 5.Nc3 exd4 6.Nxd4 Qe7 7.Bd2 Nf6 8.f3 O-O
9.Bxc4 Rd8 10.Nde2 Nc6 11.a3 Ne5 12.Qb3 Bc5 13.Nf4 Bf2+ 14.Ke2 Rxd2+ 15.Kxd2 Qc5
16.Ncd5 Qxc4 17.Nxf6+ gxf6 18.Qxc4 Nxc4+ 19.Kc3 Nb6 20.Rhd1 Be6 21.g4 c5
22.Nh5 Bd4+ 23.Rxd4 cxd4+ 24.Kxd4 Rd8+ 25.Kc3 Nd7 26.Rd1 Kf8 27.Kb4 Rc8 28.b3 Ke7
29.h3 Rc6 30.Rb1 Nc5 31.Nf4 Na6+  0-1

[Event "PRC-chT"]
[Site "?"]
[Date "1987.??.??"]
[Round "?"]
[White "Chen De"]
[Black "Huang Zhengyuan"]
[Result "1/2-1/2"]
[WhiteElo "2345"]
[BlackElo "2215"]

1.d4 d5 2.c4 dxc4 3.e4 Nf6 4.e5 Nd5 5.Bxc4 Nb6 6.Bb3 Nc6 7.Nf3 Bg4 8.Bxf7+ Kxf7
9.Ng5+ Ke8 10.Qxg4 Qxd4 11.Qe2 Qxe5 12.Be3 Nd5 13.Nf3 Qf5 14.O-O e6 15.Nc3 Rd8
16.Rfe1 Be7 17.Bd2 Nxc3 18.Bxc3 Kf7 19.Qc4 Bf6 20.Re4 Rhe8 21.Rae1 Qd5 22.Qe2 e5
23.g4 Qd3 24.Bxe5 Qxe2 25.R1xe2 Nxe5 26.Nxe5+ Rxe5 27.Rxe5 Bxe5 28.Rxe5  1/2-1/2

[Event "Santa Catalina"]
[Site "Santa Catalina"]
[Date "1987.??.??"]
[Round "?"]
[White "Armas, Jorge"]
[Black "De la Villa Garcia, Jesus Maria"]
[Result "1/2-1/2"]
[WhiteElo "2455"]
[BlackElo "2450"]

1.d4 d5 2.c4 dxc4 3.e4 Nc6 4.d5 Ne5 5.Qd4 Nd3+ 6.Bxd3 cxd3 7.Bg5 c6 8.Nc3 f6
9.Be3 e5 10.Qxd3 Bb4 11.O-O-O Bxc3 12.Qxc3 cxd5 13.Rxd5 Bd7 14.Kb1 Ne7 15.Rd2 Qc8
16.Ne2 Qxc3 17.Nxc3 Bc6 18.Rhd1 Kf7 19.f3 Rhc8 20.b3 b6 21.Kb2 Rc7 22.Nb1 Ke8
23.a4 Rd7 24.Rxd7 Bxd7 25.Na3 Rd8 26.a5 bxa5 27.Bxa7 Nc6 28.Bc5 Rb8 29.Kc3 Rc8
30.Nc4 Rb8 31.Rd6 a4 32.b4 Nd8 33.Ra6 Bb5 34.Nd6+ Kd7 35.Nxb5 Rxb5 36.Rxa4 Rb7
37.Kc4 Ne6 38.Ra8 Nf4 39.g3 Nh3 40.Ra7 Rxa7 41.Bxa7 Ng5 42.Kd5 Nxf3 43.b5 h5
44.h3 Kc7 45.Bc5 h4 46.gxh4 Nxh4 47.Ke6 Nf3 48.Be3 Nd4+ 49.Kf7 f5 50.Kxg7 fxe4
51.Kf6 Nc2 52.Bd2 Kb6 53.h4 e3 54.Bc1 e2 55.Bd2 e4 56.h5 e3 57.Bc3 e1=Q 58.Bxe1 Nxe1  1/2-1/2

[Event "Sevilla op"]
[Site "Sevilla"]
[Date "1987.??.??"]
[Round "?"]
[White "Sokolov, Ivan"]
[Black "Campos Moreno, Javier B"]
[Result "1-0"]
[WhiteElo "2425"]
[BlackElo "2420"]

1.d4 d5 2.c4 dxc4 3.e4 Nf6 4.e5 Nd5 5.Bxc4 Nb6 6.Bb3 Nc6 7.Be3 Bf5 8.Ne2 e6
9.O-O Nb4 10.Nbc3 c6 11.Nf4 h5 12.h3 h4 13.Qf3 Qd7 14.Rfd1 N6d5 15.a3 Nc2
16.Rac1 Nxc3 17.bxc3 Nxe3 18.fxe3 Bxa3 19.Ra1 Be7 20.e4 Bh7 21.Qg4 Bxe4 22.Nxe6 Bd5
23.Bxd5 cxd5 24.Qxg7  1-0

[Event "URS-FL"]
[Site "Sverdlovsk"]
[Date "1987.??.??"]
[Round "?"]
[White "Timoshchenko, Gennadi A"]
[Black "Balashov, Yuri S"]
[Result "1/2-1/2"]
[WhiteElo "2490"]
[BlackElo "2550"]

1.d4 d5 2.c4 dxc4 3.e4 Nc6 4.Be3 Nf6 5.f3 e5 6.d5 Nd4 7.Bxd4 exd4 8.Qxd4 c6
9.Bxc4 cxd5 10.exd5 Bd6 11.Bb5+ Bd7 12.Bxd7+ Nxd7 13.Ne2 O-O 14.Nbc3 Bc5
15.Qd3 Qg5 16.g3 Ne5 17.Qe4 Qe3 18.Qxe3 Bxe3 19.f4 Nd3+ 20.Kf1 Nxb2 21.Rb1 Nc4
22.Rxb7 Bb6 23.Na4 Ne3+ 24.Kf2 Nxd5+ 25.Nxb6 axb6 26.Rd1 Nf6 27.Nc1 Ra6  1/2-1/2

[Event "Vrnjacka Banja"]
[Site "Vrnjacka Banja"]
[Date "1987.??.??"]
[Round "5"]
[White "Renet, Olivier"]
[Black "Semkov, Semko"]
[Result "0-1"]
[WhiteElo "2455"]
[BlackElo "2440"]

1.d4 d5 2.c4 dxc4 3.e4 c5 4.d5 Nf6 5.Nc3 b5 6.e5 b4 7.exf6 bxc3 8.bxc3 Qa5
9.Bd2 Nd7 10.Bxc4 Nb6 11.Be2 exf6 12.c4 Qa4 13.Qb3 Bd6 14.Nf3 O-O 15.O-O Bf5
16.Rfc1 Rab8 17.Nh4 Bd7 18.Bd3 g6 19.Nf3 Qa6 20.Qc3 Na4 21.Qa3 Qc8 22.Rab1 Qc7
23.g3 h5 24.Bc2 Nb6 25.Qc3 Qd8 26.Re1 Kg7 27.Be3 Re8 28.Nd2 Na4 29.Qa3 Rb4
30.Ne4 Bf8 31.Qd3 Rxe4 32.Rxb4 Rxe3 33.Qxe3 cxb4 34.Bxa4 Bxa4 35.Qxa7 Bc2
36.Qd4 Qc7 37.Rc1 Bc5 38.d6 Bxd4 39.dxc7 Bf5 40.Rb1 Bc5 41.Rd1 Bb6 42.Rd5 Bxc7
43.Rb5 Kf8 44.Rxb4 Ke7 45.Ra4 Kd7 46.Ra6 Be6 47.c5 f5 48.f4 Bc4 49.Ra4 Bd5
50.Ra6 h4 51.Kf2 h3 52.Ke3 Bb7 53.Ra3 Kc6 54.Kd4 Bd8 55.Kc4 Bf6 56.Ra7 Bc8
57.Kb4 Bb7 58.Kc4 Be7 59.a4 Kc7 60.Ra5 Bd8 61.Rb5 Ba6 62.Kd5 Bxb5 63.axb5 Kb7
64.Ke5 Ba5 65.Kd6 Bc7+ 66.Ke7 g5 67.Kf6 gxf4 68.gxf4 Bxf4 69.Kxf5 Bxh2 70.Kg4 Bd6  0-1

[Event "Zuerich op"]
[Site "Zuerich"]
[Date "1987.??.??"]
[Round "7"]
[White "Mohr, Stefan"]
[Black "Osmanovic, Kemal"]
[Result "1-0"]
[WhiteElo "2340"]
[BlackElo "2375"]

1.d4 d5 2.c4 dxc4 3.e4 Nf6 4.e5 Nd5 5.Bxc4 Nb6 6.Bb3 Nc6 7.Ne2 Bg4 8.Nbc3 e6
9.O-O Bf5 10.a3 Qd7 11.Be3 Ne7 12.Ng3 Bg6 13.f4 Ned5 14.Qf3 c6 15.Bf2 Be7
16.Nge4 O-O 17.g4 Kh8 18.Ng3 f6 19.Be3 fxe5 20.dxe5 Rf7 21.Nxd5 Nxd5 22.Bxd5 cxd5
23.Bd4 Raf8 24.Qe3 Qb5 25.Rac1 b6 26.f5 exf5 27.gxf5 Rxf5 28.Nxf5 Bxf5 29.Rf3 Qe8
30.e6 Bg6 31.Rcf1 Rxf3 32.Rxf3 Qa4 33.Rf1 Qe8 34.Qe5  1-0

[Event "OHRA-B"]
[Site "Amsterdam"]
[Date "1988.??.??"]
[Round "?"]
[White "Vanheste, Jeroen"]
[Black "Shvidler, Eliahu"]
[Result "1-0"]
[WhiteElo "2390"]
[BlackElo "2430"]

1.d4 d5 2.c4 dxc4 3.e4 Nc6 4.Nf3 Bg4 5.Bxc4 Bxf3 6.Qxf3 e6 7.d5 Ne5 8.Bb5+ c6
9.Qc3 Bd6 10.dxc6 bxc6 11.Be2 Qh4 12.Nd2 Qf6 13.O-O g5 14.Rd1 Ne7 15.Nc4 Bc7
16.Be3 O-O 17.Bd4 N7g6 18.Bh5 c5 19.Bxc5 Nf4 20.Bd4 Nxh5 21.Nxe5 Bxe5 22.Bxe5 Qg6
23.Qe3 f6 24.Bd6 Rfd8 25.Rac1 Rd7 26.Bc5 Qf7 27.e5 Rad8 28.Rxd7 Qxd7 29.g3 h6
30.Bxa7 f5 31.Bc5 Qd5 32.Qe2 g4 33.b4 Ra8 34.Rc2 Ra3 35.Rd2 Qa8 36.Qd1 Qe4
37.Rd8+ Kh7 38.Rd7+ Kg6 39.Rd2 Qxe5 40.Re2 Qf6 41.Qd7 Ng7 42.Bd4 Qf7 43.Qxf7+ Kxf7
44.Bxg7 Kxg7 45.Rb2  1-0

[Event "GMA-Open"]
[Site "Belgrade"]
[Date "1988.??.??"]
[Round "?"]
[White "Wilder, Michael"]
[Black "Lazic, Miroljub"]
[Result "1-0"]
[WhiteElo "2505"]
[BlackElo "2375"]

1.d4 d5 2.c4 dxc4 3.e4 e5 4.Nf3 exd4 5.Bxc4 Bb4+ 6.Nbd2 Nc6 7.O-O Nf6 8.e5 Nd5
9.Nb3 Nb6 10.Bg5 Be7 11.Bxe7 Qxe7 12.Bb5 O-O 13.Bxc6 bxc6 14.Qxd4 Be6 15.Rfe1 Bd5
16.Qf4 Rfe8 17.Rac1 a5 18.Nfd4 a4 19.Nf5 Qe6 20.Nbd4 Qg6 21.Ne3 Rad8 22.Nxd5 Nxd5
23.Qd2 Qg4 24.f3 Qf4 25.Qxf4 Nxf4 26.Rcd1 c5 27.Nc6 Rxd1 28.Rxd1 g5 29.g3 Ne6
30.Kf2 Kf8 31.Rd5 Ra8 32.Ke3 Ke8 33.f4 gxf4+ 34.gxf4 Ra6 35.Nb8 Rb6 36.Nd7 Rxb2
37.Nf6+ Ke7 38.f5 Nf8 39.Rxc5 Rxa2 40.Rxc7+ Kd8 41.Rxf7 a3 42.e6  1-0

[Event "GMA-Open"]
[Site "Belgrade"]
[Date "1988.??.??"]
[Round "?"]
[White "Xu Jun"]
[Black "Nikolic, Nebojsa"]
[Result "1-0"]
[WhiteElo "2505"]
[BlackElo "2375"]

1.d4 d5 2.c4 dxc4 3.e4 Nc6 4.Nf3 Bg4 5.d5 Ne5 6.Bf4 Ng6 7.Bg3 Nf6 8.Nc3 e6
9.Bxc4 exd5 10.Bxd5 c6 11.Qa4 Bxf3 12.gxf3 Be7 13.Bb3 O-O 14.e5 Nd7 15.Rd1 Qc8
16.Bxf7+ Rxf7 17.e6 Rxf3 18.exd7 Qf8 19.Qb3+ Qf7 20.O-O Qxb3 21.axb3 Nf8
22.Rfe1 Kf7 23.Ne4 Rd8 24.Bd6 Ne6 25.Nc5 Rf6 26.Rxe6 Rxe6 27.Bc7 Rg6+ 28.Kf1 b6
29.Bxd8 Bxd8 30.Nb7 Ke7 31.Re1+ Kxd7 32.Rd1+ Kc7 33.Nxd8 Rf6 34.h4 Rh6 35.Kg2 b5
36.f4 Rf6 37.Kf3 h5 38.Ke4 g6 39.b4 Kb6 40.Rd7 a5 41.Rb7+ Ka6 42.Rf7 Rxf7
43.Nxf7 axb4 44.Ne5 c5 45.Nxg6 c4 46.f5 c3 47.Kd3  1-0